[Event "Titled Tue 20th May Late"]
[Site "chess.com INT"]
[Date "2025.05.20"]
[Round "9"]
[White "Schnaider, Ilan"]
[Black "Manvelyan, Mikayel"]
[Result "1-0"]
[WhiteTitle "IM"]
[BlackTitle "FM"]
[WhiteElo "2388"]
[BlackElo "2362"]
[WhiteFideId "169013"]
[BlackFideId "13310143"]
[EventDate "2025.05.20"]

1. b3 e5 2. Bb2 Nc6 3. e3 Nge7 4. c4 d5 5. cxd5 Nxd5 6. Bb5 Bd6 7. Nf3 e4 8. Nd4
Bd7 9. Qc2 Nxd4 10. Bxd7+ Qxd7 11. Qxe4+ Qe6 12. Qxd4 Nb4 13. O-O Nc2 14. Qa4+
c6 15. Nc3 Nxa1 16. Rxa1 O-O 17. Ne2 a6 18. Rc1 Rad8 19. h3 Be5 20. d4 Bd6 21.
Qa5 f5 22. Qc3 Rd7 23. Qc4 Qf7 24. g3 h6 25. h4 Kh7 26. Qd3 g6 27. Rd1 Re7 28.
Nc3 Rd7 29. Qc4 g5 30. hxg5 hxg5 31. d5 c5 32. Ne2 b5 33. Qc2 Re7 34. Kg2 Kg8
35. Rh1 Qg6 36. g4 Rh7 37. gxf5 Qxf5 38. Qxf5 Rxf5 39. Rxh7 Kxh7 40. e4 Rf8 41.
e5 Bxe5 42. Bxe5 Re8 43. f4 gxf4 44. Nxf4 Rxe5 45. d6 Re4 46. Nd5 Rd4 47. Nf6+
Kg6 48. Ne8 Kf7 49. Nc7 1-0

[Event "Titled Tue 20th May Late"]
[Site "chess.com INT"]
[Date "2025.05.20"]
[Round "9"]
[White "Obon Temprano, Sergi"]
[Black "Mafra, Kaiser Luiz"]
[Result "1-0"]
[WhiteTitle "FM"]
[BlackTitle "CM"]
[WhiteElo "2155"]
[BlackElo "2094"]
[WhiteFideId "2226545"]
[BlackFideId "2106698"]
[EventDate "2025.05.20"]

1. Nf3 Nf6 2. g3 g6 3. Bg2 Bg7 4. c4 O-O 5. Nc3 d6 6. O-O e5 7. d3 c6 8. Rb1 a5
9. a3 Nbd7 10. b4 axb4 11. axb4 Qe7 12. b5 Nc5 13. bxc6 bxc6 14. Bg5 h6 15. Bxf6
Qxf6 16. Nd2 Bd7 17. Nde4 Nxe4 18. Nxe4 Qe6 19. Rb6 Rab8 20. Qb3 Rxb6 21. Qxb6
f5 22. Nd2 d5 23. cxd5 cxd5 24. Rb1 e4 25. dxe4 dxe4 26. e3 Qd5 27. Qb4 Rc8 28.
Bf1 Kh7 29. Bc4 Qc6 30. Bb5 Qc7 31. Bxd7 Qxd7 32. Nf1 Qd3 33. Qe1 Rc2 34. Rd1
Qb3 35. Qa5 Qb2 36. Rd2 Rxd2 37. Qxd2 Qc3 38. Qxc3 Bxc3 39. Kg2 Kg7 40. h3 Kf6
41. Nh2 g5 42. g4 f4 43. exf4 gxf4 44. Nf1 Ke5 45. h4 Kf6 46. Kh3 Ke5 47. Kg2
Kf6 48. Kh3 Ke5 49. Nh2 Be1 50. Kg2 Kd4 51. Kf1 Bc3 52. Ke2 Ke5 53. f3 e3 54. g5
hxg5 55. hxg5 Kf5 56. Ng4 Kxg5 57. Nh2 Bf6 58. Ng4 Be5 59. Nxe5 Kf5 60. Nc6 Ke6
61. Nd4+ Kd5 62. Nc2 Kc4 63. Ne1 Kc3 64. Ng2 1-0

[Event "Titled Tue 20th May Late"]
[Site "chess.com INT"]
[Date "2025.05.20"]
[Round "9"]
[White "Yin, Evan"]
[Black "Pereyra, Horacio"]
[Result "0-1"]
[WhiteElo "2119"]
[BlackElo "2133"]
[WhiteFideId "30953111"]
[BlackFideId "113700"]
[EventDate "2025.05.20"]

1. d4 Nf6 2. g3 g6 3. Bg2 Bg7 4. e4 d6 5. Nc3 O-O 6. Nge2 e5 7. O-O Nc6 8. Be3
Ng4 9. d5 Nxe3 10. fxe3 Ne7 11. Kh1 Bh6 12. Qd3 Bd7 13. Rf2 Qc8 14. Raf1 a6 15.
a4 Bh3 16. Ng1 Bxg2+ 17. Kxg2 Qd7 18. Nf3 Kg7 19. h3 f6 20. Nh2 Rf7 21. Ng4 Bg5
22. Qe2 h5 23. Nh2 Raf8 24. b3 c6 25. Nf3 Bh6 26. Nh4 cxd5 27. exd5 f5 28. Nf3
g5 29. Nd2 g4 30. hxg4 hxg4 31. Nc4 b5 32. axb5 axb5 33. Nb6 Qb7 34. Qxb5 Bxe3
35. Nca4 Bxf2 36. Rxf2 Rb8 37. Qd3 e4 38. Qe3 Ng6 39. Nc4 Qxd5 40. Nc3 Qe6 41.
Rd2 Rd8 42. Nd5 Ne5 43. Qg5+ Qg6 44. Qxd8 f4 45. Nxd6 Rd7 46. Qe8 Rxd6 47. Qxe5+
Kh7 48. Qxf4 Qe6 49. Qg5 e3 50. Qxe3 Qxe3 51. Nxe3 Rxd2+ 52. Kf1 Kg6 53. Ke1 Rh2
54. Nxg4 Rxc2 55. Ne5+ Kf5 56. Nd3 Ke4 57. Nf2+ Kf3 58. Nd1 Rh2 0-1

[Event "Titled Tue 20th May Late"]
[Site "chess.com INT"]
[Date "2025.05.20"]
[Round "9"]
[White "Yurtseven, Melih"]
[Black "Dovgaliuk, Oleksandr"]
[Result "0-1"]
[WhiteTitle "IM"]
[WhiteElo "2339"]
[BlackElo "2240"]
[WhiteFideId "6312160"]
[BlackFideId "14167247"]
[EventDate "2025.05.20"]

1. e4 e5 2. Nf3 Nc6 3. Nc3 Nf6 4. a4 d6 5. d4 exd4 6. Nxd4 Be7 7. Bc4 O-O 8.
Nxc6 bxc6 9. O-O Be6 10. Bxe6 fxe6 11. e5 Nd7 12. exd6 cxd6 13. Qg4 e5 14. Ne4
Nf6 15. Qe6+ Kh8 16. Ng5 Qe8 17. b3 h6 18. Nf3 Qd7 19. Qxd7 Nxd7 20. Ba3 Rad8
21. Rad1 c5 22. Rfe1 Nf6 23. Nh4 Kh7 24. Nf5 Ng8 25. Ne3 Rf4 26. Nd5 Rd4 27. Bb2
Rxd1 28. Rxd1 Kg6 29. Bxe5 Kf7 30. Bg3 Nf6 31. Nxf6 Kxf6 32. c4 Ke6 33. Re1+ Kd7
34. Kf1 Rb8 35. Re3 Bf6 36. Rd3 Bd4 37. f3 Kc6 38. Bf2 Be5 39. g3 g5 40. Ke2 Rf8
41. Kd1 h5 42. Kc2 h4 43. gxh4 g4 44. Kd2 gxf3 45. Ke3 Bd4+ 46. Rxd4 cxd4+ 47.
Kxd4 Re8 48. Kd3 Re2 49. Bg3 Rb2 50. Kc3 f2 51. Kxb2 f1=Q 52. Kc3 Qf3+ 53. Kc2
d5 54. cxd5+ Kxd5 55. Kb2 Kd4 56. Ka3 Kc3 57. Be5+ Kc2 58. Kb4 Qe4+ 59. Kc5
Qxe5+ 60. Kb4 Qxh2 61. Ka3 Qxh4 62. b4 Qg3+ 63. Ka2 Qb3+ 64. Ka1 Qb2# 0-1

[Event "Titled Tue 20th May Late"]
[Site "chess.com INT"]
[Date "2025.05.20"]
[Round "9"]
[White "Martin Fuentes, Alberto"]
[Black "Ermolaev, Evgeny"]
[Result "1-0"]
[WhiteTitle "FM"]
[BlackTitle "FM"]
[WhiteElo "2376"]
[BlackElo "2282"]
[WhiteFideId "2292289"]
[BlackFideId "24103195"]
[EventDate "2025.05.20"]

1. e4 c5 2. Nc3 Nc6 3. g3 g6 4. Bg2 Bg7 5. d3 d6 6. Be3 Rb8 7. Qd2 b5 8. Nge2 b4
9. Nd1 h5 10. h3 e6 11. O-O Nge7 12. d4 cxd4 13. Nxd4 O-O 14. Nxc6 Nxc6 15. Bh6
Bxh6 16. Qxh6 Qf6 17. Rb1 Nd4 18. Ne3 Ba6 19. Rfd1 Rbc8 20. Rd2 Nf3+ 21. Bxf3
Qxf3 22. Qf4 Qxf4 23. gxf4 Rc6 24. Rbd1 Rd8 25. f3 Kf8 26. Rd4 Rb6 27. Kf2 Ke7
28. f5 Kf6 29. fxe6 fxe6 30. Ra1 Bb7 31. a3 a5 32. axb4 Rxb4 33. Rxb4 axb4 34.
Ra4 b3 35. c3 d5 36. Rb4 Bc6 37. exd5 Bxd5 38. h4 Bc6 39. Ke2 Bd5 40. c4 Bc6 41.
Rxb3 Rd4 42. Rb6 Bd7 43. c5 Rxh4 44. c6 Bc8 45. Kd2 Ke7 46. b4 Kd6 47. Rb5 Kxc6
48. Rg5 Rh2+ 49. Kc3 Kd6 50. Rxg6 Bb7 51. f4 Rh3 52. Kd4 Rh1 53. f5 Bc8 54. Nc4+
Ke7 55. Rg8 Bd7 56. Rg7+ Kd8 57. f6 Rd1+ 58. Kc3 Rf1 59. Ne5 Be8 60. f7 Bxf7 61.
Rxf7 Rc1+ 62. Kd4 h4 63. Rh7 Rb1 64. Nd3 Rh1 65. Kc5 h3 66. b5 h2 67. b6 Kc8 68.
Kc6 Rc1+ 69. Nxc1 h1=Q+ 70. Rxh1 Kd8 71. Rh8+ Ke7 72. b7 Kf6 73. b8=Q Kf5 74.
Rf8+ Ke4 75. Qf4# 1-0

[Event "Titled Tue 20th May Late"]
[Site "chess.com INT"]
[Date "2025.05.20"]
[Round "9"]
[White "Shetty, Anshul"]
[Black "Clawitter, Craig"]
[Result "1-0"]
[WhiteElo "2112"]
[BlackElo "2050"]
[WhiteFideId "30945828"]
[BlackFideId "2023105"]
[EventDate "2025.05.20"]

1. e4 e5 2. Nc3 Nf6 3. f4 d5 4. exd5 exf4 5. Bc4 Nbd7 6. Nf3 Nb6 7. Bb5+ Bd7 8.
Qe2+ Be7 9. O-O O-O 10. Bxd7 Qxd7 11. Ne5 Bc5+ 12. Kh1 Qe7 13. d3 Nfxd5 14. Nxd5
Nxd5 15. Bxf4 Rae8 16. Bg3 Bd4 17. Rae1 Bxb2 18. Qf3 Qd8 19. Nxf7 Rxe1 20. Bxe1
Qf6 21. Qe2 Nf4 22. Qe4 Qxf7 23. g3 Qd5 24. Rxf4 Qxe4+ 25. Rxe4 g6 26. Kg2 c5
27. Rc4 Bd4 28. c3 Be3 29. Re4 Bc1 30. Re7 Rf7 31. Re8+ Kg7 32. Re2 Bg5 33. d4
cxd4 34. cxd4 Re7 35. Rxe7+ Bxe7 36. Bc3 Kf7 37. Kf3 Ke6 38. Ke4 Bd6 39. d5+ Kd7
40. Bd4 a6 41. Bb2 b5 42. Bc3 b4 43. Bb2 a5 44. Kd4 Kc7 45. Kc4 Kb6 46. Bd4+ Ka6
47. Be3 a4 48. Bd2 b3 49. axb3 axb3 50. Kxb3 Kb5 51. Be3 Bc5 52. Bf4 Bg1 53. Kc3
Bxh2 54. Kd4 h5 55. Ke5 h4 56. d6 hxg3 57. Ke6 Kc6 58. d7 g2 59. Bxh2 g1=Q 60.
Bxg1 g5 61. Ke7 g4 62. d8=Q g3 63. Qd2 g2 64. Qxg2+ 1-0

[Event "Titled Tue 20th May Late"]
[Site "chess.com INT"]
[Date "2025.05.20"]
[Round "9"]
[White "Liu, Jason"]
[Black "Arabidze, Meri"]
[Result "1/2-1/2"]
[BlackTitle "IM"]
[WhiteElo "2064"]
[BlackElo "2440"]
[WhiteFideId "2514656"]
[BlackFideId "13604040"]
[EventDate "2025.05.20"]

1. e4 c5 2. Nf3 e6 3. d4 cxd4 4. Nxd4 Nc6 5. Nc3 Qc7 6. g3 a6 7. Bg2 d6 8. O-O
Bd7 9. Be3 Nf6 10. a4 Be7 11. a5 Nxa5 12. Qe2 Nc4 13. Bc1 O-O 14. Kh1 Rac8 15.
f4 Qb6 16. Nb3 Rfe8 17. e5 dxe5 18. fxe5 Nd5 19. Nxd5 exd5 20. Bxd5 Be6 21. Bg2
Qc7 22. Nd4 Bf8 23. Bf4 Nxb2 24. Nxe6 fxe6 25. Rab1 Na4 26. Bxb7 Qxc2 27. Qxc2
Rxc2 28. Bxa6 Nc3 29. Rbc1 Rxc1 30. Rxc1 Nd5 31. Bc4 Nxf4 32. gxf4 g6 33. Kg2
Bh6 34. Kf3 Kg7 35. Rd1 Rf8 36. Rd7+ Rf7 37. Bxe6 Rxd7 38. Bxd7 Kf8 39. Ke4 Ke7
40. Bg4 Bg7 41. Kd5 Bf8 42. Bc8 Bh6 43. Ke4 Bf8 44. h3 Bh6 45. Ba6 Bf8 46. Bb5
Bg7 47. Bc4 Bf8 48. Bg8 h6 49. Kd5 Bg7 50. Be6 Bf8 51. h4 Bg7 52. Bg8 Bf8 53.
Ke4 Bg7 54. Bc4 Bf8 55. Kd5 Bg7 56. Bd3 Kf7 57. Kd6 Bf8+ 58. Kd7 Bc5 59. Be4 Bb4
60. e6+ Kf6 61. e7 Bxe7 62. Bxg6 Ba3 63. h5 Bc1 64. f5 Bg5 65. Ke8 Bf4 66. Kd7
Bg5 67. Kc6 1/2-1/2

[Event "Titled Tue 20th May Late"]
[Site "chess.com INT"]
[Date "2025.05.20"]
[Round "9"]
[White "Kaasen, Tor Fredrik"]
[Black "Abdurakhmonov, Mukhammadali"]
[Result "1/2-1/2"]
[WhiteTitle "IM"]
[BlackTitle "IM"]
[WhiteElo "2471"]
[BlackElo "2368"]
[WhiteFideId "1516647"]
[BlackFideId "14207346"]
[EventDate "2025.05.20"]

1. d4 Nf6 2. c4 e6 3. g3 d5 4. Bg2 Bb4+ 5. Nd2 Be7 6. Ngf3 O-O 7. O-O b6 8. b3
Bb7 9. Bb2 Nbd7 10. Rc1 Rc8 11. cxd5 Bxd5 12. Re1 Ne4 13. Nxe4 Bxe4 14. Ne5 Bxg2
15. Kxg2 Nxe5 16. dxe5 Qxd1 17. Rexd1 Rfd8 18. Rxd8+ Bxd8 19. b4 c6 20. Kf3 Kf8
21. e4 Ke8 22. Ke3 Be7 23. a3 c5 24. f4 Rd8 25. Bc3 Kd7 26. bxc5 Bxc5+ 27. Bd4
Kc6 28. Bxc5 bxc5 29. a4 Rd4 30. Rb1 Rxa4 31. Rb8 Rb4 32. Rc8+ Kb5 33. Rc7 a5
34. Rxf7 Rb3+ 35. Kd2 a4 36. f5 Kc4 37. Ra7 Kd4 38. Rxa4+ c4 39. fxe6 Rb2+ 40.
Kc1 Rb6 41. Ra7 Rxe6 42. Rxg7 h6 43. h4 Rxe5 44. Rd7+ Kc3 45. Rf7 Rxe4 46. Rf3+
Kd4 47. Kd2 Rg4 48. Kc2 Rg6 49. h5 Ra6 50. Rf4+ Kd5 51. g4 Ra2+ 52. Kc3 Ra3+ 53.
Kc2 Rg3 54. Rf6 Rg2+ 55. Kc3 Rg3+ 56. Kc2 Kd4 57. Rd6+ Kc5 58. Rxh6 Rg2+ 59. Kc3
Rg3+ 60. Kc2 Rxg4 61. Rh8 Rg2+ 62. Kc3 Rg3+ 63. Kc2 Kd4 64. Rd8+ Kc5 65. h6 Rh3
66. Rc8+ Kd4 67. Rd8+ Kc5 68. Rc8+ Kb4 69. Rb8+ Kc5 70. Rc8+ 1/2-1/2

[Event "Titled Tue 20th May Late"]
[Site "chess.com INT"]
[Date "2025.05.20"]
[Round "9"]
[White "Nalbandyan, Vahan"]
[Black "Romero Ruscalleda, Josep"]
[Result "1/2-1/2"]
[WhiteTitle "CM"]
[BlackTitle "FM"]
[WhiteElo "2155"]
[BlackElo "2110"]
[WhiteFideId "13309439"]
[BlackFideId "2231859"]
[EventDate "2025.05.20"]

1. Nf3 g6 2. d4 Bg7 3. c4 d6 4. g3 Nf6 5. Bg2 O-O 6. Kf1 Bf5 7. Nc3 Qc8 8. h3
Ne4 9. Nxe4 Bxe4 10. Ng5 Bxg2+ 11. Kxg2 Nc6 12. Nf3 e5 13. d5 Ne7 14. e4 h6 15.
Ne1 f5 16. f3 c6 17. Nd3 cxd5 18. cxd5 Qc4 19. Qe2 Rf7 20. Bd2 Raf8 21. Rhf1 Kh7
22. b3 Qc7 23. Rac1 Qd7 24. Be3 b6 25. a4 f4 26. gxf4 exf4 27. Bf2 g5 28. e5
dxe5 29. Nxe5 Bxe5 30. Qxe5 Qxd5 31. Qxd5 Nxd5 32. Rfe1 Kg6 33. Re6+ Rf6 34. Re5
Nb4 35. Rd1 Rc8 36. Rd2 Rc3 37. h4 Rxb3 38. Rb5 a5 39. Bxb6 Re3 40. Bxe3 fxe3
41. Re2 Re6 42. hxg5 hxg5 43. Rxa5 Nd3 44. Kg3 Nf4 45. Re1 e2 46. Rb5 Nd3 47.
Rbb1 Nxe1 48. Rxe1 Kf5 49. a5 Ra6 50. Rxe2 Rxa5 51. Rb2 Ra4 52. Rb5+ Kg6 53. Rc5
Kh5 54. Kf2 Kh4 55. Rc8 Ra2+ 56. Ke3 Kg3 57. Rg8 Ra3+ 58. Ke4 Ra4+ 59. Ke3 Ra5
60. f4 Ra3+ 61. Ke4 Ra4+ 62. Ke5 Rxf4 63. Rxg5+ Rg4 64. Rf5 Ra4 65. Rg5+ Kf3 66.
Kf6 Kf4 67. Rf5+ Ke4 68. Rb5 Ra6+ 69. Ke7 Kd4 70. Rb7 Ke5 71. Rd7 Rb6 72. Rc7
Re6+ 73. Kd7 Rd6+ 74. Ke7 Re6+ 75. Kd7 Rd6+ 76. Ke7 Re6+ 1/2-1/2

[Event "Titled Tue 20th May Late"]
[Site "chess.com INT"]
[Date "2025.05.20"]
[Round "9"]
[White "Donchenko, Alexander"]
[Black "Brzezina, Piotr"]
[Result "1-0"]
[WhiteTitle "GM"]
[BlackTitle "FM"]
[WhiteElo "2615"]
[BlackElo "2301"]
[WhiteFideId "24603295"]
[BlackFideId "21078874"]
[EventDate "2025.05.20"]

1. d4 Nf6 2. c4 e6 3. g3 d5 4. Bg2 dxc4 5. Nf3 Bb4+ 6. Bd2 a5 7. Qc2 Bxd2+ 8.
Qxd2 c6 9. a4 O-O 10. Na3 Na6 11. Nxc4 Nb4 12. O-O Bd7 13. Nfe5 Qc7 14. Rac1
Rfd8 15. e3 Be8 16. Qe2 Nd7 17. Nf3 Rac8 18. b3 c5 19. Rfd1 b6 20. Na3 Qb8 21.
Nc4 cxd4 22. Nxd4 Nc5 23. Rb1 Nd5 24. Rdc1 Nb4 25. h4 h6 26. Rd1 Nd5 27. Rdc1
Nb4 28. Bf3 Nc6 29. Nxc6 Bxc6 30. Bxc6 Rxc6 31. Rd1 Rcc8 32. Qb2 Rxd1+ 33. Rxd1
Rd8 34. Qc2 Rxd1+ 35. Qxd1 Qc7 36. Qc2 h5 37. Qd1 g6 38. Qc2 Kg7 39. Qc3+ Kg8
40. Nd2 Qd6 41. Qd4 Qxd4 42. exd4 Nd7 43. Kf1 Kf8 44. Ke2 Ke7 45. Kd3 Kd6 46.
Kc4 Kc6 47. Nf3 f6 48. Nd2 Kd6 49. Ne4+ Kc6 50. Nc3 Kd6 51. Kb5 Kc7 52. d5 exd5
53. Nxd5+ Kb7 54. f4 f5 55. Ne7 Nf6 56. Nxg6 Ne4 57. Ne5 Nxg3 58. Kc4 Ne2 59.
Nd3 Kc6 60. b4 axb4 61. Nxb4+ Kc7 62. Nd3 Kc6 63. Nb4+ Kc7 64. Nd5+ Kc6 65. Ne7+
Kd7 66. Nxf5 Nxf4 67. Kb5 Kc7 68. Ne3 Ng6 69. Nd5+ Kb7 70. Nxb6 Nxh4 71. a5 Nf5
72. a6+ Ka7 73. Nc8+ Kb8 74. a7+ Kb7 75. Kc5 1-0

[Event "Titled Tue 20th May Late"]
[Site "chess.com INT"]
[Date "2025.05.20"]
[Round "9"]
[White "Reprintsev, Alexander"]
[Black "Belov, Alexei"]
[Result "1/2-1/2"]
[WhiteTitle "IM"]
[BlackTitle "IM"]
[WhiteElo "2256"]
[BlackElo "2421"]
[WhiteFideId "14100541"]
[BlackFideId "4128206"]
[EventDate "2025.05.20"]

1. e4 e6 2. Nf3 d5 3. e5 c5 4. b4 cxb4 5. a3 bxa3 6. Nxa3 Nc6 7. Nb5 a6 8. Bb2
Bd7 9. Nd6+ Bxd6 10. exd6 Nf6 11. Bd3 Qb8 12. Ne5 Qxd6 13. Nxd7 Qxd7 14. Ba3 Ne5
15. O-O Nxd3 16. cxd3 Rc8 17. Qb3 d4 18. Rfb1 Rc7 19. Qb6 Nd5 20. Qxd4 f6 21.
Qh4 Kf7 22. Qh5+ g6 23. Qh6 e5 24. d4 exd4 25. Re1 b5 26. Bb2 Nb4 27. Re4 Qf5
28. Rf4 Qe5 29. Rf3 Qh5 30. Qxh5 gxh5 31. Bxd4 Rc6 32. Rb1 Rhc8 33. Bc3 Nd5 34.
Bb2 Rc2 35. g3 Rxd2 36. Rf5 Rcc2 37. Ba1 Kg6 38. Rf3 b4 39. Re1 a5 40. Kg2 a4
41. Re8 b3 42. Rg8+ Kf7 43. Rh8 Kg7 44. Rb8 b2 45. Rb7+ Kg6 46. Bxb2 Rxb2 47.
Ra7 Ra2 48. h3 h6 49. g4 hxg4 50. hxg4 h5 51. gxh5+ Kxh5 52. Rg7 Kh6 53. Rg8 Kh7
54. Rg4 Rxf2+ 55. Rxf2 Ne3+ 56. Kg3 Rxf2 57. Rh4+ Kg6 58. Kxf2 Nd1+ 59. Ke1 Nc3
60. Rc4 Nd5 61. Rxa4 f5 62. Ra5 Nf4 63. Ra8 Kg5 64. Kf1 Nd3 65. Rf8 Ne5 66. Rg8+
Kf4 67. Rg2 Ng4 68. Re2 Kg3 69. Rg2+ Kf4 70. Ra2 Kg3 71. Ke2 f4 72. Ra3+ Ne3 73.
Rxe3+ fxe3 74. Kxe3 1/2-1/2

[Event "Titled Tue 20th May Late"]
[Site "chess.com INT"]
[Date "2025.05.20"]
[Round "9"]
[White "Martinez Alcantara, Jose Eduardo"]
[Black "Naroditsky, Daniel"]
[Result "1/2-1/2"]
[WhiteTitle "GM"]
[BlackTitle "GM"]
[WhiteElo "2611"]
[BlackElo "2619"]
[WhiteFideId "3805662"]
[BlackFideId "2026961"]
[EventDate "2025.05.20"]

1. c4 g6 2. Nc3 Bg7 3. g3 Nf6 4. Bg2 O-O 5. d3 c6 6. e4 d6 7. Nge2 Bg4 8. O-O
Qc8 9. Be3 c5 10. f3 Bh3 11. Rc1 Bxg2 12. Kxg2 Nc6 13. d4 cxd4 14. Nxd4 Nxd4 15.
Bxd4 Qxc4 16. Nd5 Qxa2 17. Nxe7+ Kh8 18. Rc7 Qa6 19. Rf2 Rae8 20. Qb3 d5 21.
Nxd5 Nxd5 22. Bxg7+ Kxg7 23. Qxd5 b6 24. h4 h5 25. Rd2 Qa1 26. Qd4+ Kg8 27. Qc4
b5 28. Qxb5 Rb8 29. Qe5 Rbe8 30. Qc3 Rb8 31. Rc6 Rb6 32. Rc5 Qa4 33. Ra5 Qb3 34.
Rxa7 Qxc3 35. bxc3 Rc6 36. Rd3 Rfc8 37. Ra3 Kg7 38. Kf2 R8c7 39. Ke3 Rb6 40. Ra2
Rb1 41. Rc2 Rg1 42. Kf2 Rb1 43. c4 Kf6 44. c5 Ke7 45. Ke3 Rb5 46. Rd5 Rc6 47.
Kf4 Ke6 48. Rc3 Ra5 49. Kg5 Ke7 50. g4 hxg4 51. fxg4 Ra8 52. Rcd3 Rac8 53. Rc3
Kf8 54. Kf4 Kg7 55. g5 Re6 56. Kf3 Rce8 57. Rd4 Rc8 58. Ke3 Rec6 59. Rd5 Rh8 60.
Rd6 Rc7 61. c6 Rxh4 62. Kd4 Re7 63. Re3 Rh1 64. Rd7 Re8 65. Kc5 Rc8 66. Kd6 Rd1+
67. Ke7 Rc1 68. Rd6 Rc7+ 69. Kd8 R1xc6 70. e5 Rc8+ 71. Ke7 R6c7+ 72. Rd7 Rxd7+
73. Kxd7 Rc1 74. e6 fxe6 75. Rxe6 Rc5 76. Re7+ Kf8 77. Re8+ Kf7 78. Re7+ Kf8 79.
Re8+ Kg7 80. Re7+ Kg8 81. Re8+ Kf7 82. Re7+ Kf8 1/2-1/2

[Event "Titled Tue 20th May Late"]
[Site "chess.com INT"]
[Date "2025.05.20"]
[Round "9"]
[White "Bluebaum, Matthias"]
[Black "Kravtsiv, Martyn"]
[Result "1/2-1/2"]
[WhiteTitle "GM"]
[BlackTitle "GM"]
[WhiteElo "2660"]
[BlackElo "2598"]
[WhiteFideId "24651516"]
[BlackFideId "14113147"]
[EventDate "2025.05.20"]

1. d4 d5 2. c4 e6 3. Nc3 Nf6 4. cxd5 exd5 5. Bg5 Be7 6. e3 O-O 7. Bd3 h6 8. Bf4
c5 9. Nf3 Nc6 10. O-O cxd4 11. Nxd4 Nxd4 12. exd4 Bd6 13. Be5 Ng4 14. Bg3 Bxg3
15. hxg3 Qg5 16. Be2 Re8 17. Qc1 Nf6 18. Qxg5 hxg5 19. Bd3 Bd7 20. f3 Kf8 21.
Kf2 Ke7 22. Rfe1+ Kd6 23. Bb5 a6 24. Bxd7 Nxd7 25. Rxe8 Rxe8 26. Rh1 Nb6 27. b3
f6 28. g4 Re7 29. Nd1 Nc8 30. Ne3 g6 31. Rh8 Rc7 32. Rf8 Ke6 33. Ke2 Ne7 34. Kd3
f5 35. g3 Rc8 36. Rxc8 Nxc8 37. a4 Ne7 38. Nd1 Nc6 39. Nf2 Ne7 40. Nh3 Kf6 41.
Nf2 Ke6 42. Ke3 Ng8 43. Nh3 Kf6 44. gxf5 gxf5 45. f4 g4 46. Nf2 Ne7 47. Nd3 b6
48. Ne5 Ke6 49. Nd3 Nc8 50. Nc1 Nd6 51. Ne2 Ne4 52. Kd3 Kd6 53. Kc2 Kc6 54. Kd3
b5 55. axb5+ Kxb5 56. Kc2 Kb4 57. Kb2 a5 58. Kc2 a4 59. bxa4 Kxa4 60. Kd3 Kb4
61. Ke3 Kc4 62. Nc1 Nxg3 63. Nd3 Ne4 64. Ne5+ Kc3 65. Nc6 Nd6 66. Ne7 Kc4 67.
Nc6 Kb5 68. Ne7 Kc4 69. Nc6 Nb5 70. Ne5+ Kc3 71. Nc6 g3 72. Ne7 Nxd4 73. Nxd5+
Kc4 74. Nf6 Kc3 75. Nd5+ Kc4 76. Nf6 Ne6 77. Kf3 Nxf4 78. Kxg3 Ng6 79. Kf3 Kd4
80. Nh5 Ke5 81. Ng3 f4 82. Ne2 Kf5 83. Nxf4 1/2-1/2

[Event "Titled Tue 20th May Late"]
[Site "chess.com INT"]
[Date "2025.05.20"]
[Round "9"]
[White "Praggnanandhaa, R"]
[Black "Erigaisi, Arjun"]
[Result "0-1"]
[WhiteTitle "GM"]
[BlackTitle "GM"]
[WhiteElo "2758"]
[BlackElo "2782"]
[WhiteFideId "25059530"]
[BlackFideId "35009192"]
[EventDate "2025.05.20"]

1. b3 b6 2. e4 Bb7 3. Nc3 c5 4. d4 cxd4 5. Qxd4 e6 6. Bb2 Nc6 7. Qd2 a6 8. O-O-O
Qc7 9. Kb1 Nf6 10. Bd3 b5 11. Nf3 Bc5 12. Qg5 Be7 13. e5 Ne4 14. Qxg7 Nxc3+ 15.
Bxc3 O-O-O 16. Qxf7 Rdf8 17. Qh5 Nb4 18. Bb2 Nd5 19. Qh6 Kb8 20. Be4 Nc3+ 21.
Bxc3 Bxe4 22. Qe3 Bg6 23. Rd2 Rc8 24. Kb2 b4 25. Bd4 Qa5 26. Ka1 Rc6 27. Bb2 Rc7
28. Rc1 Rhc8 29. Ne1 Qb5 30. f4 a5 31. Qe2 Qc6 32. Rcd1 a4 33. Rd6 Bxd6 34. Rxd6
Qb7 35. Qd2 a3 36. Bd4 Rc6 37. Be3 R8c7 38. Kb1 Kc8 39. Kc1 Qb5 40. Rxc6 Rxc6
41. Kd1 Bh5+ 42. Kc1 Qf1 43. h3 Qb5 44. g4 Bg6 45. Kd1 h5 46. Qe2 Bxc2+ 47. Kd2
Qxe2+ 48. Kxe2 hxg4 49. hxg4 Bxb3 50. Bd2 Bxa2 51. Bxb4 Bc4+ 52. Kd2 a2 53. Bc3
Bd5 54. Nc2 Be4 55. Na1 Rc4 56. Nb3 Bf3 57. f5 Bxg4 58. f6 Bh5 59. Ba1 Bf7 60.
Nd4 Kd8 61. Nf3 Bg6 62. Nd4 Ke8 63. Nb5 Rc2+ 64. Ke3 Rc1 65. Nd6+ Kd8 66. Bd4
a1=Q 67. Bxa1 Rxa1 68. Kf4 Rg1 69. Kf3 Rf1+ 70. Kg4 Rg1+ 71. Kf4 Kc7 72. Ke3 Kc6
73. Kd4 Rg4+ 74. Ke3 Kd5 75. Kf3 Bh5 76. f7 Rg7+ 77. Ke3 Rxf7 0-1

[Event "Titled Tue 20th May Late"]
[Site "chess.com INT"]
[Date "2025.05.20"]
[Round "9"]
[White "Roebers, Eline"]
[Black "Bukreev, Stanislav"]
[Result "1/2-1/2"]
[WhiteTitle "IM"]
[BlackTitle "FM"]
[WhiteElo "2361"]
[BlackElo "2328"]
[WhiteFideId "1058401"]
[BlackFideId "34252347"]
[EventDate "2025.05.20"]

1. e4 e6 2. d4 d5 3. Bd3 dxe4 4. Bxe4 c5 5. Ne2 Nf6 6. Bf3 cxd4 7. Nxd4 Bc5 8.
Nb3 Qxd1+ 9. Bxd1 Bd6 10. Bf3 Nbd7 11. a4 Ne5 12. Be2 Bd7 13. a5 Bc6 14. O-O a6
15. Be3 Ke7 16. Rd1 Bd5 17. h3 Nc4 18. Bc1 Be5 19. Nc3 Bxc3 20. bxc3 Rhc8 21.
Rb1 Ne4 22. Rd3 Ne5 23. Ba3+ Ke8 24. Re3 Nxc3 25. Re1 Nxe2+ 26. R3xe2 Ng6 27. g3
Bxb3 28. cxb3 Rc3 29. Re3 Rac8 30. h4 Ne7 31. Bb2 Rxe3 32. Rxe3 Nd5 33. Re4 g6
34. h5 Rc2 35. hxg6 hxg6 36. Be5 Ra2 37. b4 Ra4 38. Bd6 Ra2 39. Bc5 Rb2 40. Rh4
e5 41. Re4 f6 42. f4 Nc3 43. Re3 Nd5 44. Re4 Nc3 45. Re3 Rb1+ 46. Kg2 Nd1 47.
Re4 Nc3 48. Re3 Nd5 49. Re4 Ne7 50. fxe5 f5 51. Rh4 Re1 52. Bd6 Nc6 53. Rh7 Kd8
54. Rxb7 Nxe5 55. b5 axb5 56. a6 Nc6 57. a7 Nxa7 58. Rxa7 Rb1 59. Rb7 Ke8 60.
Kf3 g5 61. Be7 Rb3+ 62. Kg2 f4 63. gxf4 gxf4 64. Bd6 f3+ 65. Kf2 Kd8 66. Bf4 Kc8
67. Rb6 Kd7 68. Be3 Kc7 69. Rh6 Rd3 70. Kxf3 Rd5 71. Ke4 Rd7 72. Bb6+ Kb7 73.
Ba5 Ka7 74. Rb6 Rb7 75. Rd6 b4 76. Rd1 Ka6 77. Bd8 Kb5 78. Bf6 b3 79. Kd3 Rd7+
80. Ke2 Rf7 81. Bb2 Rh7 82. Rd5+ Kc4 83. Rd4+ Kc5 84. Rf4 Rh1 85. Rf1 Rh2+ 86.
Rf2 Rh7 87. Kd2 Rh3 88. Rf5+ Kc4 89. Rf4+ Kb5 90. Bc3 Kc5 91. Rf5+ Kc4 92. Rf4+
Kc5 93. Rb4 Rh2+ 94. Kd1 Rh1+ 95. Kd2 Rh2+ 96. Kd1 Rh1+ 97. Kd2 Rh2+ 1/2-1/2